U.S. States and Rivers that Share a Name - Sudden Death - Statistics

General Stats
  • This quiz has been taken 958 times
    125 since last reset
  • The average score is 8 of 16
Answers on the Grid
Answers color-coded by a green-red scale on the quiz's grid according to % correct below.
Alabama
Alaska
Arizona
Arkansas
California
Colorado
Connecticut
Delaware
Florida
Georgia
Hawaii
Idaho
Illinois
Indiana
Iowa
Kansas
Kentucky
Louisiana
Maine
Maryland
Massachusetts
Michigan
Minnesota
Mississippi
Missouri
Montana
Nebraska
Nevada
New Hampshire
New Jersey
New Mexico
New York
North Carolina
North Dakota
Ohio
Oklahoma
Oregon
Pennsylvania
Rhode Island
South Carolina
South Dakota
Tennessee
Texas
Utah
Vermont
Virginia
Washington
West Virginia
Wisconsin
Wyoming
 
Answer Stats
Answer % Correct
Mississippi
94%
Colorado
89%
Missouri
85%
Ohio
75%
Delaware
65%
Arkansas
59%
Tennessee
52%
Illinois
40%
Connecticut
37%
Iowa
37%
Oklahoma
33%
Alabama
30%
Kansas
28%
Kentucky
28%
Minnesota
20%
Wisconsin
16%
No matching quizzes found
Score Distribution
Percent of People with Each Score
Percentile by Number Answered
Your Score History
You have not taken this quiz since the last reset